Perfil laboral y educativo de los niños en México, 1984-2000 /
El estudio muestra que la actividad económica de los niños está asociada a la escolaridad. Sólo los niños de 12 a 14 años que estudian y no trabajan son los que, en promedio, pueden completar su educación básica en la edad reglamentaria. Se utilizan los datos de las encuestas de ingresos y gastos de...
Na minha lista:
| Autor principal: | |
|---|---|
| Outros Autores: | |
| Formato: | Texto |
| Assuntos: | |
| Tags: |
Adicionar Tag
Sem tags, seja o primeiro a adicionar uma tag!
|
MARC
| LEADER | 00000 a a2200000 04500 | ||
|---|---|---|---|
| 001 | 11727 | ||
| 003 | |||
| 040 | |||
| 100 | |a Robles Vásquez, Héctor | ||
| 245 | |a Perfil laboral y educativo de los niños en México, 1984-2000 / |c Héctor Robles Vásquez | ||
| 520 | |a El estudio muestra que la actividad económica de los niños está asociada a la escolaridad. Sólo los niños de 12 a 14 años que estudian y no trabajan son los que, en promedio, pueden completar su educación básica en la edad reglamentaria. Se utilizan los datos de las encuestas de ingresos y gastos de los hogares de 1984 a 2000 | ||
| 650 | |a NIÑOS | ||
| 650 | |a ADOLESCENTES | ||
| 650 | |a TRABAJO DE MENORES | ||
| 650 | |a ESCOLARIDAD | ||
| 650 | |a OCUPACIONES | ||
| 700 | |a Abler, Dave | ||
| 773 | |g volumen 8, número 33; páginas 239-273 | ||
| 999 | |c 23112 |d 23112 | ||
